000 00274nam a2200109Ia 4500
008 220216s9999 xx 000 0 und d
100 _aEvans Stephen V.
245 0 _aDramatic rise in area under rubber likely
260 _bRubber Asia
_c2010
300 _a41-42
942 _cJS
999 _c57367
_d57367